000 00709cam a22002293a 4500
001 10078
003 PGUSA
005 20140828083219.0
008 031101s2003||||xxu|||||s|||||000 | eng d
040 _aPGUSA
_beng
042 _adc
050 4 _aD501
100 1 _aJohnson, Douglas Wilson,
_d1878-1944
245 1 0 _aPlain Words from America :
_bA Letter to a German Professor (1917)
_h[electronic resource] /
_cDouglas Wilson Johnson
260 _bProject Gutenberg,
_c2003
506 _aPublic domain in the USA.
516 _aElectronic text
653 _aWorld War, 1914-1918 -- Public opinion
830 0 _aProject Gutenberg
_v10078
856 4 0 _uhttp://www.gutenberg.org/ebooks/10078
942 _cEB
999 _c239333
_d239333